Đại cương Lịch sử Việt Nam T.1 / Trương Hữu Quýnh chủ biên, Phan Đại Doãn, Nguyễn Cảnh Minh. / T.1

Salvato in:
Dettagli Bibliografici
Autore principale: Trương Hữu Quýnh
Natura: Libro
Lingua:Vietnamese
Pubblicazione: Giáo dục, 2007.
Soggetti:
Tags: Aggiungi Tag
Nessun Tag, puoi essere il primo ad aggiungerne! !
Thư viện lưu trữ: Mạng thư viện Đại học Đà Nẵng
LEADER 01204cam a22003131a 4500
001 000035773
003 12065
005 20230227151828.0
008 160318s2007 vm 000 vie
041 |a vie 
082 |a 959.7  |b TR-Q  |2 T.1 
100 |a Trương Hữu Quýnh 
245 0 |a Đại cương Lịch sử Việt Nam T.1 / Trương Hữu Quýnh chủ biên, Phan Đại Doãn, Nguyễn Cảnh Minh. /  |c Trương Hữu Quýnh  |n T.1 
260 |a Giáo dục,  |c 2007. 
300 |a 488tr.:nh;20cm. 
650 |a Đại cương Lịch sử Việt Nam T.1 / Trương Hữu Quýnh chủ biên, Phan Đại Doãn, Nguyễn Cảnh 
852 |c Sách tham khảo 
OWN |a LNN 
AVA |a UDN50  |b LNN  |d 959.7 TR-Q  |e available  |t Error 5001 Not defined in file expand_doc_bib_avail.  |f 3  |g 0  |h N  |i 0 
999 |a From the UDN01 
AVA |a UDN50  |b LNN  |d 959.7 TR-Q  |e available  |t Error 5001 Not defined in file expand_doc_bib_avail.  |f 3  |g 0  |h N  |i 0 
TYP |a Monograph 
TYP |a Printed language 
980 |a Mạng thư viện Đại học Đà Nẵng